Земная кора и верхняя мантия материков: результаты исследований по Международным геофизическим проектам

Detalles Bibliográficos
Autor Principal: Белоусов В. В. Владимир Владимирович
Idioma:ruso
Publicado: Москва, Наука, 1966
Subjects:
Formato: MixedMaterials Libro
KOHA link:https://koha.lib.tpu.ru/cgi-bin/koha/opac-detail.pl?biblionumber=191764

MARC

LEADER 00000nam0a2200000 4500
001 191764
005 20231031180823.0
035 |a (RuTPU)RU\TPU\book\209125 
090 |a 191764 
100 |a 20110211d1966 m y0rusy50 ca 
101 0 |a rus 
102 |a RU 
105 |a y z 001zy 
200 1 |a Земная кора и верхняя мантия материков  |e результаты исследований по Международным геофизическим проектам  |f В. В. Белоусов 
210 |a Москва  |c Наука  |d 1966 
215 |a 123 с. 
320 |a Библиогр.: с. 114-121. 
610 1 |a земная кора 
610 1 |a верхняя мантия 
610 1 |a материки 
610 1 |a тектоносфера 
610 1 |a физические условия 
610 1 |a метаморфизм 
610 1 |a строение 
610 1 |a развитие 
675 |a 551.1  |v 3 
700 1 |a Белоусов  |b В. В.  |g Владимир Владимирович 
801 1 |a RU  |b 63413507  |c 20110211 
801 2 |a RU  |b 63413507  |c 20110302  |g RCR 
942 |c BK